"F-Word" Acronyms - Statistics

General Stats
  • This quiz has been taken 10 times
    5 since last reset
  • The average score is 11 of 20
Answer Stats
Hint Answer % Correct
To tell someone to leave with haste, or to just leave you alone. GTFO
100%
I do not care at all. IDGAF
100%
To rudely tell someone to be quiet or to stop talking. STFU
100%
Used when wondering why someone would do such a thing WTF?
100%
A common suffix to say that something is very much so. AF
67%
Speaking of Mr. Jackson, Shaft or Jules Winnfield are two examples of this three-letter acronym. BMF
67%
The classic. What you say to someone who has made you angry or done you wrong. FU
67%
A two-letter acronym that can add spice to any line of dialogue read by Samuel Jackson MF
67%
A woman with children who is still very attractive. MILF
67%
Someone keen to engage in carnal pleasure would be considered this. DTF
33%
Act inappropriately, and then see what happens. FA&FO
33%
A censored version of phrases such as "heavens to Betsy" or "for the love of God." FFS
33%
A person from Illinois, according to some Wisconsin natives. FIP
33%
Often written to express that one's life is very hard because of current circumstances. FML
33%
When one has either had it with this "stuff" or that "stuff." FTS
33%
Something or someone has been damaged to the point of being unrecognizable. FUBAR
33%
A person from Aukland, according to the rest of New Zealand. JAFA
33%
To express laughing very hard, much harder than just a simple laughing out loud. LMFAO
33%
A military term meaning that something is not good or will not work at all. NFG
33%
The situation is, as usual, a complete mess. SNAFU
33%
No matching quizzes found
Score Distribution
Percent of People with Each Score
Percentile by Number Answered
Your Score History
You have not taken this quiz since the last reset